000 00445nam a22001937a 4500
003 CEME
005 20210628203218.0
008 210122b xxu||||| |||| 00| 0 eng d
020 _a0-07-281795-X
040 _c.
082 _a570 JOH
100 _aJohnson, George B
_97834
245 _aThe living world
250 _a4TH
260 _aNEW YORK
_bMCGRAW HILL
_c2006
300 _aXIX,808 P
650 _aBIOLOGY
_91785
942 _cBK
_2ddc
999 _c572666
_d572666